000 00855nam2a22002291 4500
001 rc\780037
005 20250622135117.0
035 _a(NLR Aleph) 006324006
090 _a7477361
_c7477361
100 _a20040301d1983 |||y0rusy50 ca
101 0 _arus
102 _aRU
105 _aa |||||||||
200 0 _aВып. 1
210 _d1983
_aБ. м.
215 _a124 с.
_cил.
461 0 _1001rc\780036
_12001#$aПолезные растения Киргизии (лекарственные)$vВып. 1
_1700#1$aБажецкая$bА.А.$gАнна Андреевна
_97477354
_aБажецкая, А.А.
_cФрунзе
_d1983-
_nКыргызстан
_tПолезные растения Киргизии (лекарственные)
_vВып. 1
801 0 _aRU
_bNLR
_gpsbo
801 1 _aRU
_bELAR
_2rusmarc
852 _aNLR
_j83-2/2929
942 _cBOOK
980 _aNB